LIBRARY & INFORMATION CENTRE, KCAET, TAVANUR

ONLINE PUBLIC ACCESS CATALOGUE (OPAC)

Energy Census and Resource Assessment of Village Islamangar in the District of Bhopal / (Record no. 10906)

MARC details
000 -LEADER
fixed length control field 00461cam a2200133ua 4500
082 ## - DEWEY DECIMAL CLASSIFICATION NUMBER
Classification number 333.7909543
Item number MAH/EN
100 ## - MAIN ENTRY--AUTHOR NAME
Personal name Maheswari , R C .
100 ## - MAIN ENTRY--AUTHOR NAME
Personal name Srivastava, P K .
245 ## - TITLE STATEMENT
Title Energy Census and Resource Assessment of Village Islamangar in the District of Bhopal /
260 ## - PUBLICATION, DISTRIBUTION, ETC. (IMPRINT)
Place of publication Bhopal :
Name of publisher Central Institute of Agricultural Engineering ,
Year of publication 1986.
300 ## - PHYSICAL DESCRIPTION
Number of Pages 99 ; .
500 ## - GENERAL NOTE
General note Electro- Mechanical Engineering Division
942 ## - ADDED ENTRY ELEMENTS (KOHA)
Koha item type Reference
Holdings
Withdrawn status Lost status Damaged status Collection code Home library Current library Shelving location Date acquired Full call number Accession Number Koha item type
      Reference KAUAET KAUAET Reference 07/04/2012 333.7909543 16703 Reference
free website counter